000
00266nam a2200121Ia 4500
005
20251222155147.0
008
251222s9999||||xx |||||||||||||| ||spa||
082
_a
NUT. 20
100
_a
ALVAREZ Elizab.
245
0
_a
Nutrición
264
_b
No tiene
942
_c
LIB
999
_c
39415
_d
39415